| 000 | 00614nam a2200217 i 4500 | ||
|---|---|---|---|
| 003 | DO-SdBNP | ||
| 005 | 20240624101303.0 | ||
| 007 | ta | ||
| 008 | 240624s19? dr 000 j spa d | ||
| 040 |
_aDO-SdBNP _bspa _cBNPHU _erda |
||
| 082 |
_bE561 _222 |
||
| 245 | 1 | 0 | _aEnciclopedia política dominicana |
| 264 | 1 |
_aSanto Domingo : _bEdiciones Populares _cfecha no identificada. |
|
| 300 |
_a93 páginas, _c23 cm. |
||
| 336 |
_2rdacontent _atexto _btxt |
||
| 337 |
_2rdamedia _asin mediación _bn |
||
| 338 |
_2rdacarrier _avolumen _bnc |
||
| 590 | _aInventariado, 2024/ DG | ||
| 910 | _aDG | ||
| 942 |
_2ddc _cLBS1 |
||
| 999 |
_c56931 _d56931 |
||